000 00464nam a2200181Ia 4500
001 25309
005 20260414151141.0
008 260414t2010||||xx |||||||||||||| ||spa||
041 _aESP
082 _a346.46
_bB74
100 _aBoretto, Mónica M.
_eAUT
245 0 _aContratos de edición :
_bGuía de licencias y cesión de derechos
260 _c2010
300 _a422 páginas :
_c23 cm.
650 _aDER
654 _aCDE
942 _cLIB
_dJUS
_fJUS
_2ddc
_n
999 _c25309
_d25309